Responses for Show #2993 - Wednesday, September 10, 1997

Catherine Ramen game 4.

Contestants

[<< previous game]

Gina Ruttle, a housewife from Palos Park, Illinois

Tom Stewart, an airline employee from Las Vegas, Nevada

Catherine Ramen, an assistant editor from New York, New York (whose 3-day cash winnings total $37,500)

[next game >>]

Jeopardy! Round responses

HEADS OF STATE HEADLINES
FROM SOUP TO NUTS
NAME THAT MUPPET
LITERARY SECOND BANANAS
BAY WATCHING
THEM'S FIGHTIN' WORDS
    $100 16
Bill Clinton

Catherine
    $100 6
clam chowder

Gina
    $100 1
Ernie

Catherine
    $100 21
Friday

Tom
    $100 26
(Alex: Less than a minute to go in the round.)

Tampa Bay

Catherine
    $100 11
head

Tom
    $200 17
Pakistan

Catherine
    $200 7
ambrosia

Tom
    $200 2
Kermit the Frog

Catherine
    $200 22
the Artful Dodger

Gina
    $200 12
scrimmage

Gina
    $300 18
Prince Rainier

Tom
    $300 8
Beef Wellington

Gina
    $300 3
Gonzo ("the Great")

Tom
    $300 23
Dr. Watson

Catherine
    $300 27
(Tom: What is Bombay?)

Bay of Bengal

TomGina
    $300 13
rumble!

Catherine
    $400 19
Hirohito

Tom
    $400 9
strudel

Tom
    $400 4
(Gina: What is Big Bird?)

Snuffleupagus

TomGina
    $400 24
Sancho Panza

Catherine
    $400 28
(Catherine: What is Maine?)

Massachusetts

Catherine
Triple Stumper
    $400 14
paste

Triple Stumper
    $500 20
Lech Walesa

Catherine
    $500 10
filberts

Triple Stumper
    $500 5
Cookie Monster

Tom
    $500 25
Jim

Catherine
    $500 29
(Gina: Who is Franz Josef?)
...
[The end-of-round signal sounds.]
(Alex: And that was Donna D'Errico from the television series Baywatch, hence the name of the category.)

John Muir

Gina
    $500 15
the 1st Amendment

Tom

Scores at the first commercial break (after clue 15):

Catherine Tom Gina
$600 $2,400 $200

Scores at the end of the Jeopardy! Round:

Catherine Tom Gina
$2,300 $2,900 $200

Double Jeopardy! Round responses

GENERAL SCIENCE
NEW LATIN
BIG "MAC"s
FOREIGN FILMS
CAPITAL QUOTES
ALL ABOUT SRI LANKA
    $200 18
Tyrannosaurus Rex

Catherine
    $200 11
(Tom: What is rush hour?)

Traffic Jam

Tom
Triple Stumper
    $200 1
Samurai

Tom
    $200 6
Washington, D.C.

Gina
    $200 13
Indian Ocean

Tom
    $400 19
Ivan Pavlov

Catherine
    $400 12
Christmas Tree

Tom
    $400 2
Czechoslovakia

Tom
    $400 7
Rome

Catherine
    $400 14
Tea

Tom
    $600 20
Jean Foucault

Triple Stumper
    $600 23
Car Wash

Tom
    $600 24
(Alex: Less than a minute to go in the round.)

John D. MacDonald

Triple Stumper
    $600 3
La Cage aux Folles

Tom
    $1,500 8
Athens

Catherine
    $600 15
Prime Minister

Tom
    $800 21
Pluto

Catherine
    $800 27
[Alex caps his marking pen, then the end-of-round signal sounds.]

the fax

Catherine
    $800 25
MacGregor

Triple Stumper
    $800 4
Death

Catherine
    $800 9
Moscow

Tom
    $800 16
Tamils

Catherine
    $1,000 22
Deuterium

Catherine
    $1000 26
Archibald MacLeish

Tom
    $1000 5
Apu

Tom
    $1000 10
London

Catherine
    $1000 17
Colombo

Catherine

Scores at the end of the Double Jeopardy! Round:

Catherine Tom Gina
$11,000 $8,900 $400

[wagering suggestions for these scores]

Final Jeopardy! Round responses

WALL STREET
GinaWhat is Sears?
$399
TomWhat is Wal-Mart?
$2,100
CatherineWhat is Wal Mart
$7,000
Wal-Mart

Final scores:

Catherine Tom Gina
$18,000 $11,000 $1
4-day champion: $55,500 2nd place: Trip to Maui, Hawaii 3rd place: Meade Model 395 Telescope

Game dynamics:

Coryat scores:

Catherine Tom Gina
$10,100 $8,900 $900
21 R
(including 2 DDs),
1 W
21 R,
2 W
6 R,
2 W
(including 1 DD)

Combined Coryat: $19,900

[game clues] [game scores] [suggest correction]

Game tape date: Unknown
The J! Archive is created by fans, for fans. Scraping, republication, monetization, and malicious use prohibited; this site may use cookies and collect identifying information. See terms. The Jeopardy! game show and all elements thereof, including but not limited to copyright and trademark thereto, are the property of Jeopardy Productions, Inc. and are protected under law. This website is not affiliated with, sponsored by, or operated by Jeopardy Productions, Inc. Join the discussion at JBoard.tv.